[Event "Quebec Montcalm op 1 2018-19"]
[Site "Quebec"]
[Date "2018.09.27"]
[Round "4"]
[White "Gaulin, Gaetan"]
[Black "Sarra Bournet, Marc"]
[Result "1-0"]
[WhiteElo "1936"]
[BlackElo "1874"]
[PlyCount "77"]
[EventDate "2018.09.06"]
[EventType "swiss"]
[EventRounds "5"]
[EventCountry "CAN"]
[SourceTitle "EXT 2022"]
[Source "ChessBase"]
[SourceDate "2021.10.06"]
[SourceVersion "1"]
[SourceVersionDate "2021.10.06"]
[SourceQuality "1"]

1. Nf3 d5 2. c4 c6 3. d4 Nf6 4. Nc3 e6 5. e3 Be7 6. Bd3 0-0 7. 0-0 Nbd7 8. b3 a6 9. Bb2 c5 10. cxd5 exd5 11. Rc1 b5 12. dxc5 Nxc5 13. Bb1 b4 14. Ne2 a5 15. Rxc5 Bxc5 16. Bxf6 Qxf6 17. Qc2 g6 18. Qxc5 Ba6 19. Qd4 Qxd4 20. Nfxd4 Rac8 21. Rd1 Rc5 22. Kf1 Rfc8 23. Ke1 R8c7 24. Kd2 h5 25. h4 Kg7 26. Nf4 Kf6 27. g3 Bc8 28. Nd3 Rc3 29. Nb5 R7c6 30. Nxc3 bxc3+ 31. Kc1 Bg4 32. Re1 Bf5 33. Bc2 Rc7 34. Nf4 Be6 35. Rd1 Rc5 36. Rd4 Ke7 37. Bd3 Kf6 38. Kc2 Ke5 39. Ne2 1-0

[Event "Ste Foy Jeudi 1"]
[Site "Ste Foy"]
[Date "2018.06.28"]
[Round "3"]
[White "Chabot, Michelin"]
[Black "Gaulin, Gaetan"]
[Result "0-1"]
[WhiteElo "1572"]
[BlackElo "1928"]
[PlyCount "130"]
[EventDate "2018.06.14"]
[EventType "swiss"]
[EventRounds "5"]
[EventCountry "CAN"]
[SourceTitle "EXT 2022"]
[Source "ChessBase"]
[SourceDate "2021.10.06"]
[SourceVersion "1"]
[SourceVersionDate "2021.10.06"]
[SourceQuality "1"]

1. d4 Nf6 2. c4 e6 3. Nc3 Bb4 4. Bg5 h6 5. Bh4 g5 6. Bg3 Ne4 7. Qc2 f5 8. e3 0-0 9. Bd3 Bxc3+ 10. bxc3 Nxg3 11. hxg3 Qf6 12. Nf3 d6 13. 0-0-0 Nc6 14. Rh5 Kg7 15. Rdh1 g4 16. Nd2 Rh8 17. Nb3 Bd7 18. c5 Be8 19. R5h4 Bg6 20. Qd1 h5 21. Be2 Ne7 22. c4 b6 23. cxd6 cxd6 24. Bd3 Rac8 25. Kd2 Rh6 26. Qe2 Rch8 27. Rc1 Rc8 28. Rhh1 Rhh8 29. Rc2 Rc7 30. Rhc1 Rhc8 31. Qe1 Be8 32. Qh1 Bg6 33. Qh2 Ng8 34. Rh1 Qg5 35. Nc1 e5 36. Ne2 Qf6 37. Rhc1 Ne7 38. Qg1 e4 39. Nf4 exd3 40. Nxd3 Bf7 41. Nf4 Kf8 42. Qd1 Qg5 43. Ke1 Ng6 44. Qd3 Nxf4 45. gxf4 Qf6 46. d5 Rc5 47. g3 Kg7 48. Kd2 Rh8 49. Rh1 b5 50. Qd4 Qxd4+ 51. exd4 Rxc4 52. Rxc4 bxc4 53. Rb1 Bxd5 54. Rb5 Be4 55. Ra5 Kf6 56. Kc3 Ke6 57. a4 Rh7 58. Kxc4 Rc7+ 59. Kb4 Bd5 60. Ra6 Rc4+ 61. Kb5 Rc7 62. Kb4 Bf3 63. Ra5 Be2 64. d5+ Kd7 65. Ka3 Kc8 0-1

[Event "Quebec Botvinnick"]
[Site "Quebec"]
[Date "2018.02.19"]
[Round "4"]
[White "Gaulin, Gaetan"]
[Black "Potvin, Alain Nicolas"]
[Result "1/2-1/2"]
[WhiteElo "1947"]
[BlackElo "1790"]
[PlyCount "70"]
[EventDate "2018.01.29"]
[EventType "swiss"]
[EventRounds "5"]
[EventCountry "CAN"]
[SourceTitle "EXT 2022"]
[Source "ChessBase"]
[SourceDate "2021.10.06"]
[SourceVersion "1"]
[SourceVersionDate "2021.10.06"]
[SourceQuality "1"]

1. Nf3 Nf6 2. d4 g6 3. e3 Bg7 4. Bd3 d6 5. b3 Nc6 6. Bb2 0-0 7. a3 Qe8 8. c4 e5 9. dxe5 dxe5 10. e4 Bg4 11. h3 Bxf3 12. Qxf3 Nd4 13. Bxd4 exd4 14. 0-0 Nd7 15. Nd2 Ne5 16. Qe2 f5 17. exf5 Nxd3 18. Qxd3 Rxf5 19. Rae1 Re5 20. Nf3 Rxe1 21. Rxe1 Qd7 22. c5 b6 23. cxb6 axb6 24. a4 c5 25. Qc4+ Kh8 26. Rd1 Re8 27. Kf1 h6 28. Qd3 Kh7 29. Re1 Rxe1+ 30. Kxe1 Qe6+ 31. Kf1 Bf6 32. Nd2 Kg7 33. Nf3 Bd8 34. Nd2 Bc7 35. Nf3 Bf4 1/2-1/2

[Event "Quebec Montcalm op 4 2017-18"]
[Site "Quebec"]
[Date "2018.01.11"]
[Round "1"]
[White "Gaulin, Gaetan"]
[Black "Leblanc Legault, Mathieu"]
[Result "1/2-1/2"]
[WhiteElo "1949"]
[BlackElo "1676"]
[PlyCount "133"]
[EventDate "2018.01.11"]
[EventType "swiss"]
[EventRounds "5"]
[EventCountry "CAN"]
[SourceTitle "EXT 2022"]
[Source "ChessBase"]
[SourceDate "2021.10.06"]
[SourceVersion "1"]
[SourceVersionDate "2021.10.06"]
[SourceQuality "1"]

1. Nf3 d5 2. g3 Nf6 3. Bg2 e6 4. d4 b5 5. 0-0 a5 6. Bf4 Bd6 7. Bxd6 Qxd6 8. a4 b4 9. Nbd2 Bb7 10. c4 0-0 11. c5 Qe7 12. Qc2 Nc6 13. e3 Nd7 14. e4 dxe4 15. Nxe4 Nf6 16. Ned2 Rfd8 17. Nb3 Nd5 18. Rfe1 g6 19. h4 Qf6 20. Rad1 Nde7 21. Ne5 Nd5 22. Ng4 Qg7 23. Nh2 Nde7 24. Rd2 Nd5 25. Nf3 Qf6 26. Red1 Ba6 27. Re1 Bb7 28. Red1 Nce7 29. Ne5 Nc6 30. Nf3 h6 31. Qe4 Re8 32. Ne5 Qe7 33. Qc2 Nxe5 34. dxe5 c6 35. Be4 h5 36. Nd4 Qf8 37. Nf3 Qg7 38. Kg2 Ba6 39. Bd3 Bxd3 40. Qxd3 Qf8 41. Qc4 Red8 42. Rd3 Qe7 43. Nd4 Qc7 44. Nf3 Qe7 45. R1d2 Qc7 46. Qe4 Rac8 47. Ng5 Qe7 48. Qc4 Qc7 49. Qe4 Qe7 50. Qc4 Qc7 51. Nf3 Ne7 52. Rxd8+ Rxd8 53. Rxd8+ Qxd8 54. Qd4 Qd5 55. Qxd5 cxd5 56. Nd4 Kf8 57. Kf3 Ke8 58. Kf4 Kd7 59. Ke3 Kc7 60. f4 Nc6 61. Nb5+ Kd7 62. b3 Ne7 63. Nd4 Nf5+ 64. Nxf5 gxf5 65. Kd3 Kc7 66. Ke3 Kd7 67. Kd3 1/2-1/2

[Event "Quebec Montcalm op 2 2017-18"]
[Site "Quebec"]
[Date "2017.11.02"]
[Round "4"]
[White "Gaulin, Gaetan"]
[Black "Sarra Bournet, Marc"]
[Result "1-0"]
[WhiteElo "1947"]
[BlackElo "1771"]
[PlyCount "93"]
[EventDate "2017.10.12"]
[EventType "swiss"]
[EventRounds "5"]
[EventCountry "CAN"]
[SourceTitle "EXT 2022"]
[Source "ChessBase"]
[SourceDate "2021.10.06"]
[SourceVersion "1"]
[SourceVersionDate "2021.10.06"]
[SourceQuality "1"]

1. Nf3 d5 2. d4 Nf6 3. e3 e6 4. Bd3 Be7 5. b3 0-0 6. 0-0 c5 7. Bb2 Nc6 8. a3 Qc7 9. Nbd2 cxd4 10. exd4 Bd6 11. Re1 Bf4 12. Qe2 Ng4 13. h3 Nh2 14. Nxh2 Bxh2+ 15. Kh1 Bf4 16. Nf3 Qb6 17. g3 Bh6 18. Kg2 Bd7 19. Rad1 Rad8 20. b4 a6 21. Nh2 g6 22. c3 Bg7 23. f4 Qc7 24. Nf3 f6 25. c4 Rde8 26. Rc1 Qc8 27. b5 e5 28. dxe5 Bxh3+ 29. Kh2 fxe5 30. Nxe5 Nxe5 31. Bxe5 Bg4 32. Qb2 Bxe5 33. Rxe5 axb5 34. cxd5 Qd8 35. Rce1 Bf3 36. Qxb5 Rxe5 37. Rxe5 Qd6 38. Qb4 Rd8 39. Re8+ Kf7 40. Rxd8 Qxd8 41. Qxb7+ Kg8 42. Bc4 Kf8 43. Qb3 Bg4 44. Qb4+ Ke8 45. d6 Bd7 46. Qe1+ Kf8 47. Qe5 1-0

[Event "Quebec Montcalm op 2 2017-18"]
[Site "Quebec"]
[Date "2017.10.12"]
[Round "1"]
[White "Gaulin, Gaetan"]
[Black "Cummins, Paul"]
[Result "1/2-1/2"]
[WhiteElo "1947"]
[BlackElo "1808"]
[PlyCount "61"]
[EventDate "2017.10.12"]
[EventType "swiss"]
[EventRounds "5"]
[EventCountry "CAN"]
[SourceTitle "EXT 2022"]
[Source "ChessBase"]
[SourceDate "2021.10.06"]
[SourceVersion "1"]
[SourceVersionDate "2021.10.06"]
[SourceQuality "1"]

1. c4 e6 2. g3 Nf6 3. Bg2 d5 4. Nf3 c6 5. b3 b6 6. Bb2 Bd6 7. 0-0 0-0 8. d4 Ba6 9. Nbd2 Qe7 10. Qc2 Nbd7 11. e4 dxe4 12. Nxe4 Nxe4 13. Qxe4 Rac8 14. Rfe1 Rfe8 15. Ne5 Nxe5 16. dxe5 Ba3 17. Bc3 Bb4 18. Qc2 Bxc3 19. Qxc3 c5 20. Red1 Red8 21. Be4 Rc7 22. Rxd8+ Qxd8 23. Qc2 h6 24. Rd1 Rd7 25. Rxd7 Qxd7 26. Qd3 Qxd3 27. Bxd3 Bb7 28. f4 Kf8 29. Kf2 Ke7 30. Ke3 Bc6 31. Be4 1/2-1/2

[Event "Quebec Khalif"]
[Site "Quebec"]
[Date "2017.03.27"]
[Round "2"]
[White "Bluteau, Yvon"]
[Black "Gaulin, Gaetan"]
[Result "0-1"]
[WhiteElo "1904"]
[BlackElo "1964"]
[PlyCount "96"]
[EventDate "2017.03.20"]
[EventType "swiss"]
[EventRounds "5"]
[EventCountry "CAN"]
[SourceTitle "EXT 2022"]
[Source "ChessBase"]
[SourceDate "2021.10.06"]
[SourceVersion "1"]
[SourceVersionDate "2021.10.06"]
[SourceQuality "1"]

1. Nf3 Nf6 2. c4 e6 3. g3 d5 4. cxd5 exd5 5. d4 Be7 6. Bg2 0-0 7. 0-0 Nbd7 8. Nc3 c6 9. Bg5 Ne4 10. Bxe7 Qxe7 11. Qc2 Re8 12. e3 Nd6 13. Rac1 Nf6 14. Ne5 Bf5 15. Qb3 Nfe4 16. Nxe4 dxe4 17. Qa3 f6 18. Nxc6 bxc6 19. Rxc6 Rad8 20. Rfc1 Rc8 21. Bf1 Be6 22. Ba6 Rxc6 23. Rxc6 Rd8 24. Qc5 Bxa2 25. b4 Rd7 26. Kg2 g6 27. h3 Kg7 28. Qa5 Bf7 29. Be2 h5 30. Qc5 Nf5 31. Qc3 Bd5 32. Rc8 Bb7 33. Rc5 Qd6 34. Kg1 Ne7 35. Bb5 Nd5 36. Qc4 Nb6 37. Qa2 Re7 38. Qxa7 Bd5 39. Qa5 Bf7 40. Be2 Nd7 41. Rb5 f5 42. Rb7 Nf6 43. Rxe7 Qxe7 44. b5 Qb7 45. Kg2 Bd5 46. Qb4 Kf7 47. Qd6 Ne8 48. b6 Nxd6 0-1

[Event "Quebec Montcalm op 4 2015-16"]
[Site "Quebec"]
[Date "2016.01.21"]
[Round "2"]
[White "Fecteau, Martin"]
[Black "Gaulin, Gaetan"]
[Result "1/2-1/2"]
[WhiteElo "2006"]
[BlackElo "2020"]
[PlyCount "64"]
[EventDate "2016.01.14"]
[EventType "swiss"]
[EventRounds "5"]
[EventCountry "CAN"]
[SourceTitle "EXT 2022"]
[Source "ChessBase"]
[SourceDate "2021.10.06"]
[SourceVersion "1"]
[SourceVersionDate "2021.10.06"]
[SourceQuality "1"]

1. Nf3 Nf6 2. d4 e6 3. c4 d5 4. e3 Be7 5. Bd3 0-0 6. Nc3 Nbd7 7. 0-0 a6 8. b3 c5 9. Bb2 dxc4 10. bxc4 Qc7 11. d5 Ne5 12. Nxe5 Qxe5 13. Na4 Qc7 14. e4 exd5 15. exd5 Ng4 16. g3 Bf6 17. Bxf6 Nxf6 18. Nc3 Bh3 19. Re1 Rfe8 20. Ne4 Nxe4 21. Bxe4 Qd7 22. Qc2 g6 23. a4 Re7 24. Bg2 Rxe1+ 25. Rxe1 Bxg2 26. Kxg2 b5 27. Qe4 bxc4 28. Qxc4 Qd6 29. Rc1 Rc8 30. Rb1 Rd8 31. Rd1 Rb8 32. Rc1 Rc8 1/2-1/2

[Event "Montcalm II 2015-16"]
[Site "Quebec"]
[Date "2015.10.22"]
[Round "2"]
[White "Fecteau, Martin"]
[Black "Gaulin, Gaetan"]
[Result "0-1"]
[WhiteElo "1979"]
[BlackElo "1971"]
[PlyCount "130"]
[EventDate "2015.10.15"]
[EventType "swiss"]
[EventRounds "5"]
[EventCountry "CAN"]
[SourceTitle "EXT 2019"]
[Source "ChessBase"]
[SourceDate "2018.10.10"]
[SourceVersion "1"]
[SourceVersionDate "2018.10.10"]
[SourceQuality "1"]

1. d4 Nf6 2. Nf3 e6 3. g3 d5 4. Bg2 Be7 5. c4 0-0 6. Nbd2 Nbd7 7. 0-0 c5 8. cxd5 exd5 9. dxc5 Nxc5 10. Nd4 Re8 11. N2f3 Bf8 12. Bf4 Bd6 13. Bxd6 Qxd6 14. Rc1 Bd7 15. e3 Rac8 16. Rc2 g6 17. b3 Nce4 18. Qa1 Rxc2 19. Nxc2 Rc8 20. Ncd4 a6 21. Rc1 Rxc1+ 22. Qxc1 Ng4 23. Nd2 Ngxf2 24. Nxe4 Nxe4 25. Qc2 Nf6 26. Qc3 Qe5 27. Ne2 Qxc3 28. Nxc3 Be6 29. h3 h5 30. Kf2 Kf8 31. Ke2 Ke7 32. Kd3 Kd6 33. Kd4 b5 34. b4 Kc6 35. h4 Kd6 36. a4 bxa4 37. Nxa4 Bd7 38. Nc3 Bc6 39. Bf1 Bb7 40. Bd3 Ng4 41. e4 Ne5 42. Be2 Nc6+ 43. Kd3 Nxb4+ 44. Ke3 dxe4 45. Nxe4+ Bxe4 46. Kxe4 Ke6 47. Bc4+ Ke7 48. Bb3 a5 49. Kd4 Nc6+ 50. Kc5 Nd8 51. Kb5 Ne6 52. Kxa5 Nd4 53. Bd1 Nf5 54. g4 hxg4 55. Bxg4 Nxh4 56. Kb4 Kd6 57. Kc4 Ke5 58. Kd3 Kf4 59. Bd1 f5 60. Ke2 Kg3 61. Kf1 g5 62. Ba4 f4 63. Bc6 Nf3 64. Ba8 g4 65. Bb7 Nh2+ 0-1

[Event "Montcalm-ch"]
[Site "Quebec"]
[Date "2014.05.22"]
[Round "5"]
[White "Auger, Bertrand"]
[Black "Gaulin, Gaetan"]
[Result "1-0"]
[WhiteElo "1969"]
[BlackElo "2033"]
[PlyCount "123"]
[EventDate "2014.05.07"]
[EventType "tourn"]
[EventRounds "5"]
[EventCountry "CAN"]
[SourceTitle "EXT 2022"]
[Source "ChessBase"]
[SourceDate "2021.10.06"]
[SourceVersion "1"]
[SourceVersionDate "2021.10.06"]
[SourceQuality "1"]

1. c4 Nf6 2. g3 e6 3. Bg2 d5 4. Nf3 Be7 5. 0-0 0-0 6. b3 d4 7. Bb2 c5 8. b4 a5 9. bxc5 Bxc5 10. e3 Nc6 11. exd4 Nxd4 12. Na3 Nxf3+ 13. Qxf3 Bd4 14. Rab1 e5 15. Nb5 Bxb2 16. Rxb2 Rb8 17. Qa3 Bd7 18. Nd6 Bc6 19. Rfb1 e4 20. d4 Qc7 21. d5 Nxd5 22. cxd5 Bxd5 23. Bxe4 Bxe4 24. Nxe4 Qc6 25. Nd6 b6 26. Nf5 Qf6 27. Ne7+ Kh8 28. Nd5 Qd8 29. Nxb6 Re8 30. Nc4 Rxb2 31. Qxb2 h6 32. Ne3 f6 33. Rd1 Qa8 34. Qb5 Rb8 35. Qd7 Qf3 36. Qf5 Qa8 37. Qd5 Qa6 38. Qd3 Qb6 39. Nf5 Qb2 40. Qd7 Rg8 41. Ne7 Rb8 42. Ng6+ Kh7 43. Qd3 Kg8 44. Ne7+ Kh8 45. Ng6+ Kg8 46. Ne7+ Kh8 47. Nc6 Ra8 48. Qb3 Qe2 49. Rd8+ Rxd8 50. Nxd8 Qe4 51. Nf7+ Kh7 52. Nd6 Qd4 53. Qc2+ Kh8 54. Nf5 Qe5 55. h4 h5 56. Ne3 Kg8 57. Qc8+ Kf7 58. Qb7+ Kg8 59. Qd5+ Qxd5 60. Nxd5 Kf7 61. Nb6 Ke6 62. Nc4 1-0

[Event "Quebec Montcalm op 2 2013-14"]
[Site "Quebec"]
[Date "2013.10.31"]
[Round "4"]
[White "Bluteau, Yvon"]
[Black "Gaulin, Gaetan"]
[Result "0-1"]
[WhiteElo "1841"]
[BlackElo "2021"]
[PlyCount "50"]
[EventDate "2013.10.10"]
[EventType "swiss"]
[EventRounds "5"]
[EventCountry "CAN"]
[SourceTitle "EXT 2022"]
[Source "ChessBase"]
[SourceDate "2021.10.06"]
[SourceVersion "1"]
[SourceVersionDate "2021.10.06"]
[SourceQuality "1"]

1. e4 c5 2. Nf3 e6 3. d4 cxd4 4. Nxd4 Nc6 5. Be2 Qc7 6. 0-0 Nf6 7. Nc3 a6 8. a4 Bb4 9. Nxc6 dxc6 10. Na2 Bd6 11. h3 Nxe4 12. Be3 0-0 13. Bd3 Nf6 14. c4 c5 15. Qc2 Bh2+ 16. Kh1 Bf4 17. Rfe1 b6 18. Nc3 Bb7 19. Qd2 Qc6 20. f3 Bxe3 21. Qxe3 Rfd8 22. Rad1 Rd4 23. Qe5 Rad8 24. Re3 Qd6 25. Qg5 h6 0-1

[Event "Trois-Rivieres Mauricie op"]
[Site "Trois Rivieres"]
[Date "2011.03.19"]
[Round "3"]
[White "Qin, Zi Yi"]
[Black "Gaulin, Gaetan"]
[Result "1-0"]
[WhiteElo "2254"]
[BlackElo "1949"]
[PlyCount "67"]
[EventDate "2011.03.18"]
[EventType "swiss"]
[EventRounds "5"]
[EventCountry "CAN"]
[SourceTitle "EXT 2022"]
[Source "ChessBase"]
[SourceDate "2021.10.06"]
[SourceVersion "1"]
[SourceVersionDate "2021.10.06"]
[SourceQuality "1"]

1. e4 e5 2. Nf3 Nc6 3. Bc4 Nf6 4. d3 Bc5 5. c3 d6 6. Bb3 0-0 7. Bg5 h6 8. Bh4 Qe7 9. Nbd2 Be6 10. Bc2 Bb6 11. Qe2 a5 12. h3 Nb8 13. g4 g5 14. Nxg5 hxg5 15. Bxg5 Nbd7 16. a3 Kg7 17. 0-0-0 Rh8 18. f4 exf4 19. d4 Qe8 20. Bxf4 Nf8 21. e5 Nd5 22. Bg3 dxe5 23. Bxe5+ f6 24. Bg3 Bf7 25. Ne4 Qd7 26. g5 Ng6 27. gxf6+ Kf8 28. Qf3 Re8 29. c4 Rxe4 30. Bxe4 c6 31. cxd5 Bxd5 32. Bxd5 cxd5 33. Kb1 Kf7 34. Be5 1-0

[Event "Quebec Montcalm op"]
[Site "Quebec"]
[Date "2011.01.27"]
[Round "3"]
[White "Caire, Francois"]
[Black "Gaulin, Gaetan"]
[Result "1-0"]
[WhiteElo "2261"]
[BlackElo "1924"]
[PlyCount "97"]
[EventDate "2011.01.07"]
[EventType "swiss"]
[EventRounds "5"]
[EventCountry "CAN"]
[SourceTitle "EXT 2022"]
[Source "ChessBase"]
[SourceDate "2021.10.06"]
[SourceVersion "1"]
[SourceVersionDate "2021.10.06"]
[SourceQuality "1"]

1. d4 Nf6 2. c4 e6 3. Nc3 Bb4 4. e3 0-0 5. Bd3 d5 6. a3 Bxc3+ 7. bxc3 a6 8. cxd5 exd5 9. Ne2 Re8 10. 0-0 Nc6 11. f3 Na5 12. Ng3 c5 13. Ra2 Bd7 14. Re1 Rc8 15. Bb1 Qc7 16. e4 dxe4 17. fxe4 Bg4 18. Qd3 cxd4 19. cxd4 Qc4 20. h3 Qxd3 21. Bxd3 Be6 22. Rae2 Bc4 23. Bxc4 Nxc4 24. Nf5 h6 25. e5 Nd5 26. Re4 Rc6 27. Rg4 Rg6 28. Rxg6 fxg6 29. Ng3 Kf7 30. Ne4 b6 31. Re2 Ke7 32. Rc2 Rc8 33. Kf2 Rc7 34. Ke2 Na5 35. Rxc7+ Nxc7 36. Kd3 Ke6 37. Bd2 Nc6 38. Nc3 Nd5 39. Ke4 Nce7 40. Nxd5 Nxd5 41. Bb4 b5 42. Bf8 a5 43. Bxg7 h5 44. Bh6 b4 45. axb4 axb4 46. Kd3 b3 47. Bc1 Kf5 48. Kc4 Ke4 49. e6 1-0